000 01683npc a2200265Ia 4500
001 dp5/7-1568 [d000001607]
003 IT-MiCISF
005 20250625142538.0
008 161014s9999||||xx | und||
020 _a9788868799212
040 _aIT-MiCISF
_cIT-MiCISF
041 _ait
100 _aRicci Sindoni Paola (et al.)
_960271
245 0 _aCustodire la memoria.
_bScienza & Vita al tempo del Covid-19
260 _bCantagalli,
_c2020,
_aSiena
300 _app. 113
440 _aI Quaderni di Scienza & Vita, n. 21
_962319
500 _apandemia, storia, operatori-sanitari, atteggiamenti-verso-morte, valori, filosofia,
520 _aCi hanno lasciato migliaia di persone, ed è giusto conservare la memoria delle comunità colpite dall'emergenza sanitaria, lasciando una foto, un ricordo, uno scritto. Con questo Quaderno anche noi di Scienza & Vita vogliamo portare un piccolo tassello a questo deposito di senso che sarà la nostra memoria personale e sociale, lasciando ora un pezzetto della nostra esperienza, perché, soprattutto domani quando il ricordo si farà flebile, possiamo ricordare quello che siamo stati e che vogliamo essere attraverso quel Bene condiviso. generato dal dolore e dalla reciproca compassione.
650 _aSocietà
654 _adossier
700 _aMarchionni P., Papa Francesco, Mattarella S., Gambino A., Bellieni C.,
_aCostantino G., Binetti P., Coviello D., Gandolfini M., Romano L.,
_aMantovani C., Vinai E., Balzaretti F., Buttiglione I., Costanzo G.,
_aDel Fabbro M., Fazio D., Pacilè M.T., Paganuzzi Mazzoletti C., Repetto V.,
_aRicci G., Rosati V., Visalli A.
_962286
942 _cBK
_2ddc
999 _c206424
_d206424
999 _bsi